Tourism: <a> modern synthesis

Gespeichert in:
Bibliographische Detailangaben
1. Verfasser: Page, Stephen J.
Format: Buch
Sprache:Englisch
Veröffentlicht: [S.l.] Thomson Learning 2001
Schlagworte:
Tags: Tag hinzufügen
Keine Tags, Fügen Sie das erste Tag hinzu!

MARC

LEADER 00000nam$a2200000$$$4500
001 0066677
005 20231215115014.6
020 |a 1-86152-640-7 
041 0 |a eng 
044 |a AU 
245 1 0 |a Tourism: <a> modern synthesis  |c Stephen J. Page ... [et al.] 
264 1 |a [S.l.]  |b Thomson Learning  |c 2001 
300 |a 475 s. 
610 2 0 |a turistika 
610 2 0 |a ruch cestovný 
610 2 0 |a dopyt 
610 2 0 |a obchod 
610 2 0 |a riadenie ľudských zdrojov 
610 2 0 |a marketing 
610 2 0 |a prostredie krajinné 
100 1 |a Page, Stephen J.